MARC details
| 000 -CABECERA |
| campo de control de longitud fija |
01371nam a2200217 a 4500 |
| 001 - NÚMERO DE CONTROL |
| campo de control |
000000424 |
| 005 - FECHA Y HORA DE LA ÚLTIMA TRANSACCIÓN |
| campo de control |
20250221131511.0 |
| 008 - DATOS DE LONGITUD FIJA--INFORMACIÓN GENERAL |
| campo de control de longitud fija |
090122s2003 dr a 001 0 spa d |
| 040 ## - FUENTE DE LA CATALOGACIÓN |
| Centro catalogador/agencia de origen |
DO-SdBNP |
| Lengua de catalogación |
spa |
| Centro/agencia transcriptor |
BNPHU |
| 082 ## - NÚMERO DE LA CLASIFICACIÓN DECIMAL DEWEY |
| Número de clasificación |
264 |
| Número de documento/Ítem |
C965n |
| 100 1# - ENTRADA PRINCIPAL--NOMBRE DE PERSONA |
| Nombre de persona |
Cuesta, Sunmer, |
| Fechas asociadas al nombre |
1967- |
| 9 (RLIN) |
1415 |
| 245 10 - MENCIÓN DE TÍTULO |
| Título |
Notas de mensajes escuchados : |
| Resto del título |
manual práctico para aprovechar mejor el tiempo del culto / |
| Mención de responsabilidad, etc. |
Pastor Sunmer Cuesta. |
| 260 ## - PUBLICACIÓN, DISTRIBUCIÓN, ETC. |
| Lugar de publicación, distribución, etc. |
Bonao : |
| Nombre del editor, distribuidor, etc. |
Impr. La Trinitaria, |
| Fecha de publicación, distribución, etc. |
2003. |
| 300 ## - DESCRIPCIÓN FÍSICA |
| Extensión |
123 p. : |
| Otras características físicas |
il. ; |
| Dimensiones |
21 cm. |
| 590 ## - NOTA LOCAL (RLIN) |
| Nota local |
Inventariado, 2018/ YL |
| 505 0# - NOTA DE CONTENIDO CON FORMATO |
| Información miscelánea |
A manera de introducción -- |
| Título |
Características de la palabra de Dios que dan sentido a este manual -- |
| -- |
Quisiera que pudieras encontrar por ti mismo razones por las cuales estudiar, analizar y aplicar la palabra de Dios -- |
| -- |
Procedimiento -- |
| -- |
57 centavos -- |
| -- |
1er. bloque de notas de los mensajes -- |
| -- |
Banco del tiempo -- |
| -- |
2do. bloque de notas de los mensajes -- |
| -- |
Depende de quién son las manos -- |
| -- |
3er. bloque de notas de los mensajes -- |
| -- |
Dilema del agua en la botella -- |
| -- |
4º. bloque de notas de los mensajes -- |
| -- |
Enfermedades del alma -- |
| -- |
Bendiciones recibidas -- |
| -- |
¿Puedo ser cristiano sin unirme a una iglesia?. |
| 650 #4 - PUNTO DE ACCESO ADICIONAL DE MATERIA--TÉRMINO DE MATERIA |
| Término de materia o nombre geográfico como elemento de entrada |
Culto público |
| 9 (RLIN) |
1416 |
| 650 #4 - PUNTO DE ACCESO ADICIONAL DE MATERIA--TÉRMINO DE MATERIA |
| Término de materia o nombre geográfico como elemento de entrada |
Lectura en cultos públicos |
| 9 (RLIN) |
1417 |
| 650 #0 - PUNTO DE ACCESO ADICIONAL DE MATERIA--TÉRMINO DE MATERIA |
| Término de materia o nombre geográfico como elemento de entrada |
Grupos de oraciones |
| Subdivisión general |
Bautista, Iglesia Católica, Etc. |
| 9 (RLIN) |
1418 |
| 910 ## - DATOS DE OPCIÓN DEL USUARIO (OCLC) |
| Datos de opción del usuario |
Validado. Control de calidad EMS |